000 00520nam a22001817a 4500
005 20240920160724.0
008 240920b |||||||| |||| 00| 0 eng d
020 _a978-93-5755-890-7
041 _aeng
082 _a615.19
100 _aPANDEY, DR. DESH DEEPAK & KATIYAR, DR. ARPIT AND KUMAR NEERAJ
_98566
245 _aPHARMACEUTICAL CHEMISTRY [ D.PHARMA, 1ST YEAR ]
250 _a2ND ED, 2024
260 _aLUCKNOW
_bTHAKUR PUBLICATION PVT.LTD
300 _a288;P
650 _aPHARMACY
_xD.PHARMA
942 _cBK
999 _c8695
_d8693